Čo prinesie daňová reforma v Slovenskej republike (niektoré otázky daňovej politiky vyplývajúce zo zámerov daňovej reformy)
Daňová reforma od roku 2004. Zámery daňovej reformy. Dopad daňovej reformy na jednotlivé skupiny obyvateľstva SR. Znižovanie priamych a zvyšovanie nepriamych daní. Zlučovanie základnej a zníženej sadzby DPH. Účinky rovnej dane na daň z príjmov. Rozpočtové efekty daňovej reformy. Dopad daňovej refor...
Saved in:
| Main Author: | |
|---|---|
| Format: | Book Chapter |
| Language: | Slovak |
| Subjects: | |
| Tags: |
No Tags, Be the first to tag this record!
|
MARC
| LEADER | 00000naa$a2200000$$$4500 | ||
|---|---|---|---|
| 001 | 0027430 | ||
| 005 | 20230929124851.2 | ||
| 041 | 0 | |a slo | |
| 044 | |a SK | ||
| 245 | 1 | 0 | |a Čo prinesie daňová reforma v Slovenskej republike (niektoré otázky daňovej politiky vyplývajúce zo zámerov daňovej reformy) |c Michal Borodovčák |
| 520 | |a Daňová reforma od roku 2004. Zámery daňovej reformy. Dopad daňovej reformy na jednotlivé skupiny obyvateľstva SR. Znižovanie priamych a zvyšovanie nepriamych daní. Zlučovanie základnej a zníženej sadzby DPH. Účinky rovnej dane na daň z príjmov. Rozpočtové efekty daňovej reformy. Dopad daňovej reformy v nadväznosti na vstup Slovenskej republiky do Európskej únie. | ||
| 610 | 2 | 0 | |a harmonizácia |
| 610 | 2 | 0 | |a politika daňová |
| 610 | 2 | 0 | |a dane nepriame |
| 610 | 2 | 0 | |a dane priame |
| 610 | 2 | 0 | |a Európska únia |
| 610 | 2 | 0 | |a Slovensko |
| 610 | 2 | 0 | |a reformy daňové |
| 610 | 2 | 0 | |a dane rovné |
| 610 | 2 | 0 | |a dane z príjmov |
| 100 | 1 | |a Borodovčák, Michal | |